000 01275nam a2200373 i 4500
001 1479
003 KOSZ 005
005 20200630132815.0
008 000320s1980 pl a f |000 0 pol d
015 _aPB 1980/6519
020 _a8301000201
035 _a(OCoLC)830956142
040 _aWA N
_cWA N
_dKOSZ 005/EC
041 0 _apol
046 _k1980
080 _a628+624
080 _a(075.8)
100 1 _aKuczyński, Jędrzej
_eAutor
245 1 0 _aMiejskie budowle sanitarne i podziemne :
_b[skrypt dla studentów wydziałów inżynierii sanitarnej oraz budownictwa] /
_cJędrzej Kuczyński.
260 _aWarszawa ;
_aWrocław :
_bPańst. Wydaw. Naukowe,
_c1980
_e(Pozn :
_fUAM).
300 _a683, [1] :
_bil., tab., wykr., err. ;
_c24 cm.
380 _aKsiążki
388 _a1901-2000
388 _a1945-1989
504 _aBibliogr. przy rozdz.
658 _aArchitektura i budownictwo
655 4 _aPodręczniki akademickie
650 4 _aBudownictwo podziemne
650 4 _aTechnika sanitarna
650 4 _aBudownictwo miejskie
710 2 _aPaństwowe Wydawnictwo Naukowe
_4pbl.
856 _uhttp://koha.tu.koszalin.pl/cgi-bin/koha/opac-detail.pl?biblionumber=1479
_yKatalog online BPK
942 _2UKD
_cKS
999 _c1479
_d1479